Famous People of Nepal - Statistics

General Stats
  • This quiz has been taken 48 times
  • The average score is 10 of 16
Answer Stats
Picture Answer % Correct
Balen Shah
92%
Rajesh Hamal
86%
Binod Chaudhary
76%
Madan Krishna Shrestha
68%
Sanduk Ruit
68%
Anuradha Koirala
65%
Paras Khadka
65%
Laxmi Prasad Devkota
59%
Hari Bansa Acharya
57%
Kiran Chemjong
57%
Narayan Gopal
57%
Sisan Baniya
57%
Gauri Malla
51%
Sabitra Bhandari
46%
Bidhya Chapagain
35%
Tenzing Norgay Sherpa
24%
No matching quizzes found
Score Distribution
Percent of People with Each Score
Percentile by Number Answered
Your Score History
You have not taken this quiz